000 00331nam a22001457a 4500
008 230208b ||||| |||| 00| 0 eng d
020 _a9780314910813
041 _aeng
080 _2FOURTH EDITION
_a34
082 _a34ABR
100 _a30
101 _aJUREDIK
245 _aCRIMINAL PROCEDURE
_cABRAMSON.W.L
942 _2udc
_cBK
999 _c59346
_d59346